MARC details
| 000 -CABECERA |
| campo de control de longitud fija |
01488cam a2200313 a 4500 |
| 001 - NÚMERO DE CONTROL |
| campo de control |
000014677 |
| 003 - IDENTIFICADOR DEL NÚMERO DE CONTROL |
| campo de control |
OSt |
| 005 - FECHA Y HORA DE LA ÚLTIMA TRANSACCIÓN |
| campo de control |
20201002031104.0 |
| 008 - DATOS DE LONGITUD FIJA--INFORMACIÓN GENERAL |
| campo de control de longitud fija |
021125s2002 ck a b 100 0 spa c |
| 020 ## - NÚMERO INTERNACIONAL ESTÁNDAR DEL LIBRO |
| Número Internacional Estándar del Libro |
9587011767 |
| 040 ## - FUENTE DE LA CATALOGACIÓN |
| Centro catalogador/agencia de origen |
DO-SdBNP |
| Lengua de catalogación |
spa |
| Centro/agencia transcriptor |
BNPHU |
| 082 ## - NÚMERO DE LA CLASIFICACIÓN DECIMAL DEWEY |
| Número de clasificación |
305.8861 |
| Número de documento/Ítem |
S612a |
| 111 2# - ENTRADA PRINCIPAL--NOMBRE DE CONGRESO/REUNIÓN |
| Nombre de congreso/reunión o jurisdicción como elemento de entrada |
Simposio Internacional Pasado, Presente y Futuro de los Afrodescendientes |
| Fecha del congreso/reunión |
(2001 : |
| Sede del congreso/Lugar de la reunión |
Cartagena, Colombia) |
| 9 (RLIN) |
33256 |
| 245 10 - MENCIÓN DE TÍTULO |
| Título |
Afrodescendientes en las Américas : |
| Resto del título |
trayectorias sociales e identitarias : 150 anos de la abolición de la esclavitud en Colombia / |
| Mención de responsabilidad, etc. |
editores ; Claudia Mosquera, Mauricio Pardo, Odile Hoffmann. |
| 260 ## - PUBLICACIÓN, DISTRIBUCIÓN, ETC. |
| Lugar de publicación, distribución, etc. |
Bogotá : |
| Nombre del editor, distribuidor, etc. |
Universidad Nacional de Colombia : |
| -- |
Instituto Colombiano de Antropología e Historia ICANH ; |
| -- |
Institut de recherche pour le développment IRD ; |
| -- |
ILSA, Instituto Latinoamericano de Servicios Legales Alternativos, |
| Fecha de publicación, distribución, etc. |
2002. |
| 300 ## - DESCRIPCIÓN FÍSICA |
| Extensión |
609 p. : |
| Otras características físicas |
il. |
| Dimensiones |
24 cm. |
| 504 ## - NOTA DE BIBLIOGRAFÍA, ETC. |
| Nota de bibliografía, etc. |
Incluye referencias bibliográficas. |
| 590 ## - NOTA LOCAL (RLIN) |
| Nota local |
Inventariado, 2020/ YL |
| 650 #4 - PUNTO DE ACCESO ADICIONAL DE MATERIA--TÉRMINO DE MATERIA |
| Término de materia o nombre geográfico como elemento de entrada |
Negros |
| Subdivisión geográfica |
Colombia |
| Subdivisión general |
Historia |
| Subdivisión de forma |
CONGRESOS |
| 9 (RLIN) |
33257 |
| 650 #4 - PUNTO DE ACCESO ADICIONAL DE MATERIA--TÉRMINO DE MATERIA |
| Término de materia o nombre geográfico como elemento de entrada |
Esclavitud |
| Subdivisión geográfica |
Colombia |
| Subdivisión general |
Historia |
| Subdivisión de forma |
CONGRESOS. |
| 9 (RLIN) |
33258 |
| 650 #4 - PUNTO DE ACCESO ADICIONAL DE MATERIA--TÉRMINO DE MATERIA |
| Término de materia o nombre geográfico como elemento de entrada |
Relaciones raciales |
| Subdivisión geográfica |
Colombia |
| Subdivisión general |
Historia |
| Subdivisión de forma |
CONGRESOS |
| 9 (RLIN) |
33260 |
| 650 #4 - PUNTO DE ACCESO ADICIONAL DE MATERIA--TÉRMINO DE MATERIA |
| Término de materia o nombre geográfico como elemento de entrada |
Negros |
| Subdivisión geográfica |
América Latina |
| Subdivisión general |
Historia |
| Subdivisión de forma |
CONGRESOS |
| 9 (RLIN) |
33261 |
| 651 #4 - PUNTO DE ACCESO ADICIONAL DE MATERIA--NOMBRE GEOGRÁFICO |
| Nombre geográfico |
Colombia |
| Subdivisión general |
Civilización |
| Subdivisión de forma |
CONGRESOS. |
| 9 (RLIN) |
33259 |
| 700 1# - PUNTO DE ACCESO ADICIONAL--NOMBRE DE PERSONA |
| Nombre de persona |
Mosquera, Claudia. |
| 9 (RLIN) |
33262 |
| 700 1# - PUNTO DE ACCESO ADICIONAL--NOMBRE DE PERSONA |
| Nombre de persona |
Pardo, Mauricio. |
| 9 (RLIN) |
33263 |
| 700 1# - PUNTO DE ACCESO ADICIONAL--NOMBRE DE PERSONA |
| Nombre de persona |
Hoffmann, Odile. |
| 9 (RLIN) |
33264 |
| 910 ## - DATOS DE OPCIÓN DEL USUARIO (OCLC) |
| Datos de opción del usuario |
En proceso |
| 942 ## - ELEMENTOS DE PUNTO DE ACCESO ADICIONAL (KOHA) |
| Fuente del sistema de clasificación o colocación |
Dewey Decimal Classification |
| Tipo de ítem Koha |
Libros y folletos |